prepare ielts skills and strategies book 1 listening and speaking (Kèm theo CD/ 744)

Zapisane w:
Opis bibliograficzny
Format: Książka
Wydane: 2008
Etykiety: Dodaj etykietę
Nie ma etykietki, Dołącz pierwszą etykiete!
Thư viện lưu trữ: Mạng thư viện Đại học Đà Nẵng
LEADER 00500nam a22001811a 4500
001 000038397
003 14692
005 20160412021306.0
008 160412s2008 000
082 |a 4A(07)2496 
245 |a prepare ielts skills and strategies book 1 listening and speaking (Kèm theo CD/ 744)  |c Quách Thu Nguyệt 
260 |c 2008 
OWN |a LNN 
999 |a From the UDN01 
TYP |a Monograph 
980 |a Mạng thư viện Đại học Đà Nẵng